Statistics for Unscramble The Taylor Swift Song

Click here to take the quiz!

General Stats

  • This quiz has been taken 30 times
  • The average score is 15 of 16

Answer Stats

HintAnswer% Correct
lal oto lwelAll Too Well
100%
ntai ehroAnti-Hero
100%
bowcoy keli emCowboy Like Me
100%
urecl usmemrCruel Summer
100%
ntod almeb emDon't Blame Me
100%
si ti veor won ?Is It Over Now?
100%
vyiIvy
100%
dinigthm airnMidnight Rain
100%
peask onwSpeak Now
100%
hits si em tyrngiThis Is Me Trying
100%
aecepPeace
96%
lceomwe ot wne orkyWelcome To New York
92%
lacra wboClara Bow
88%
litcgGlitch
88%
volreLover
85%
het harcreThe Archer
73%

Score Distribution

Percentile by Number Answered

Percent of People with Each Score

Your Score History

You have not taken this quiz